Materials and technology; Vol.6

Αποθηκεύτηκε σε:
Λεπτομέρειες βιβλιογραφικής εγγραφής
Μορφή: Βιβλίο
Γλώσσα:Undetermined
Έκδοση: London Longman 1973
Θέματα:
Ετικέτες: Προσθήκη ετικέτας
Δεν υπάρχουν, Καταχωρήστε ετικέτα πρώτοι!
Thư viện lưu trữ: Trung tâm Học liệu Trường Đại học Cần Thơ
LEADER 00418nam a2200157Ia 4500
001 CTU_26542
008 210402s9999 xx 000 0 und d
082 |a 603 
082 |b M425/Vol.6 
245 0 |a Materials and technology; Vol.6 
260 |a London 
260 |b Longman 
260 |c 1973 
650 |a technology - dictionaries 
904 |i Minh, 981013 
980 |a Trung tâm Học liệu Trường Đại học Cần Thơ